[Event "ch-ARM"]
[Site "Yerevan ARM"]
[Date "2007.01.21"]
[Round "6"]
[White "Minasian,Ara"]
[Black "Kotanjian,T"]
[Result "1/2-1/2"]
[WhiteElo "2457"]
[BlackElo "2524"]

1.e4 c5 2.Nf3 d6 3.Bb5+ Nd7 4.O-O Nf6 5.Re1 a6 6.Bf1 b6 7.d3 Bb7 8.Nbd2 e5
9.c3 Be7 10.d4 cxd4 11.cxd4 O-O 12.a3 exd4 13.Nxd4 Re8 14.b4 Bf8 15.f3 d5
16.exd5 Nxd5 17.Ne4 Ne5 18.Bb2 g6 19.Qb3 Nf4 20.Rad1 Bd5 21.Qc2 Bg7 22.Qd2 Qh4
23.Qf2 Qxf2+ 24.Nxf2 Nc4 25.Rxe8+ Rxe8 26.Bc1 Ne3 27.Bxe3 Rxe3 28.g3 Ne6
29.Nc2 Rc3 30.Rxd5 Rxc2 31.Ne4 f5 32.Rd6 Nd4 33.Ng5 Kf8 34.Ne6+ Nxe6 35.Rxe6 Kf7
36.Rd6 Ke7 37.Rd1 b5 38.f4 Bb2 39.Rd3 Rc1 40.Kf2 Ra1 41.Rb3 Bxa3 42.Bg2 Ra2+
43.Kf1 Bc1 44.Bd5 Ra4 45.Ke2 Ba3 46.Re3+ Kf8 47.Rc3 Bxb4 48.Rc7 h6 49.Rf7+ Ke8
50.Rf6 Bc5 51.Rxg6 Rd4 52.Bb7 a5 53.Ra6 a4 54.Bc6+ Ke7 55.Bxb5 a3 56.Bd3 Rb4
57.Bxf5 Rb2+ 58.Kf3 a2 59.Be6 a1=Q 60.Rxa1 Kxe6 61.Ra6+ Bd6 62.h4 Rb5 63.Ra8 h5
64.Rh8 Be7 65.Rh6+ Bf6 66.Rh7 Bd8 67.Rh6+ Kf7 68.Rd6 Bf6 69.Rd3 Rb1 70.g4 Rf1+
71.Kg2 Rxf4 72.gxh5 Ke6 73.h6 Be5 74.Rf3 Rg4+ 75.Kh3 Rg6 76.h5 Rxh6 77.Kg4 Rh8
78.Rh3 Rg8+ 79.Kf3 Rf8+ 80.Kg4 Rf4+ 81.Kg5 Rf1 82.Kg4 Rf4+ 83.Kg5 Rf2 84.Kg4 Rg2+
85.Kf3 Rg7 86.h6 Rh7 87.Kg4 Kf6 88.Rh5 Bd4 89.Rf5+ Ke6 90.Ra5 Be3 91.Ra6+ Ke5
92.Kh5 Bd2 93.Rb6 Rh8 94.Rc6 Bf4 95.Ra6 Kf5 96.Ra5+ Be5 97.Rxe5+ Kxe5 98.Kg6 Rg8+
99.Kf7 Ra8 100.h7 Kf5 101.Kg7  1/2-1/2

[Event "Gibtelecom Masters"]
[Site "Catalan Bay ENG"]
[Date "2007.01.23"]
[Round "1"]
[White "Bellin,R"]
[Black "Greenfeld,A"]
[Result "0-1"]
[WhiteElo "2381"]
[BlackElo "2556"]

1.e4 c5 2.Nf3 d6 3.Bb5+ Nc6 4.O-O Bd7 5.c3 Nf6 6.Re1 a6 7.Ba4 c4 8.h3 g6
9.Bc2 Bg7 10.b3 cxb3 11.axb3 O-O 12.d4 Rc8 13.Bd3 Qc7 14.d5 Nb8 15.Ra2 e6
16.c4 Rfe8 17.Bd2 exd5 18.exd5 b6 19.Bc3 Rxe1+ 20.Qxe1 a5 21.Nbd2 Na6 22.Bf1 Nb4
23.Bxb4 axb4 24.Ne4 Nxe4 25.Qxe4 Re8 26.Qb1 Bc3 27.Re2 Ra8 28.Ra2 Ra3 29.Bd3 Qa7
30.Rxa3 bxa3 31.Qa2 Qa5 32.Kf1 Bb2 33.Ke2 Qc3 34.Ne1 Qe5+ 35.Kd1 b5 36.b4 bxc4
37.Qxc4 Ba4+ 38.Kd2 a2  0-1

[Event "GM"]
[Site "Marianske Lazne CZE"]
[Date "2007.01.23"]
[Round "5"]
[White "Voloshin,L"]
[Black "Zawadzka,J"]
[Result "1-0"]
[WhiteElo "2446"]
[BlackElo "2350"]

1.e4 c5 2.Nf3 d6 3.Bb5+ Bd7 4.Bxd7+ Qxd7 5.O-O g6 6.c3 Bg7 7.d4 cxd4 8.cxd4 Nf6
9.Nc3 O-O 10.Qe2 e6 11.Rd1 Nc6 12.h3 Ne7 13.Bf4 Rfd8 14.a4 a6 15.a5 Rac8
16.Na4 Qb5 17.Qxb5 axb5 18.Nb6 Rc2 19.Rdc1 Rc6 20.Nd2 Nd7 21.Bg5 f6 22.Be3 Nxb6
23.axb6 f5 24.f3 fxe4 25.fxe4 d5 26.Rxc6 Nxc6 27.e5 Bf8 28.Nb3 h6 29.Kf2 Kg7
30.Ke2 Be7 31.Na5 Nxa5 32.Rxa5 b4 33.Kd3 Rc8 34.Ra7 Rb8 35.Ra4 Rc8 36.Bd2 Rc6
37.Ra8 Rxb6 38.Re8 Bh4 39.Rc8 Rc6 40.Rb8 Rc7 41.Bxb4 Be7 42.Ba5 Rd7 43.b4 Kf7
44.b5 h5 45.Bb6 g5 46.g4 hxg4 47.hxg4 Kg6 48.Rg8+ Kf7 49.Rc8 Bf8 50.Bc7 Be7
51.b6 Bb4 52.Rb8 Ba5 53.Ra8 Rxc7 54.bxc7 Bxc7 55.Ra7 Ke7 56.Rxb7 Kd7 57.Ra7 Kc6
58.Ra8 Kd7 59.Rg8 Bd8 60.Kc3 Be7 61.Ra8 Bd8 62.Ra6 Bc7 63.Kb4 Bb8 64.Kb5 Bc7
65.Ra7  1-0

[Event "ch-Kyiv"]
[Site "Kyiv UKR"]
[Date "2007.01.24"]
[Round "5"]
[White "Marusenko,P"]
[Black "Golichenko,I"]
[Result "0-1"]
[WhiteElo "2330"]
[BlackElo "2300"]

1.e4 c5 2.Nf3 d6 3.Bb5+ Bd7 4.Bxd7+ Qxd7 5.c4 Nc6 6.d4 cxd4 7.Nxd4 Nf6 8.Nc3 Qg4
9.Qxg4 Nxg4 10.Nxc6 bxc6 11.b3 g6 12.Bb2 Bg7 13.h3 Ne5 14.O-O-O O-O 15.f4 Nd7
16.Na4 Bh6 17.g3 f5 18.Rhe1 fxe4 19.Rxe4 Rae8 20.c5 e5 21.Rxd6 exf4 22.Rxe8 Rxe8
23.Kd1 fxg3 24.Bd4 g2 25.Bg1 Be3 26.Rxd7 Bxg1 27.Rd2 Bf2  0-1

[Event "Gibtelecom Masters"]
[Site "Catalan Bay ENG"]
[Date "2007.01.25"]
[Round "3"]
[White "Ansell,S"]
[Black "Urbina Perez,J"]
[Result "1-0"]
[WhiteElo "2393"]
[BlackElo "2114"]

1.e4 c5 2.Nf3 d6 3.Bb5+ Bd7 4.Bxd7+ Qxd7 5.O-O Nc6 6.b3 Nf6 7.Re1 e6 8.Bb2 Be7
9.c4 e5 10.Nc3 O-O 11.d3 g6 12.Nd2 Nh5 13.Nd5 Bd8 14.Nf1 Ne7 15.Nfe3 Nxd5
16.Nxd5 f5 17.Qd2 f4 18.Kh1 Nf6 19.Rg1 Nxd5 20.exd5 Qf5 21.Qe2 f3 22.Qe4 fxg2+
23.Rxg2 Qxe4 24.dxe4 Rf4 25.Re1 Bh4 26.Kg1 Raf8 27.Re2 Rf3 28.Kf1 a5 29.Bc1 Kg7
30.Be3 Rb8 31.Rc2 b5 32.Ke2 Rf7 33.cxb5 Rxb5 34.Rc4 Rb4 35.Kd3 Rfb7 36.Bd2 Rxc4
37.Kxc4 a4 38.bxa4 Rb2 39.Bc3 Rxa2 40.Kb3 Re2 41.a5 Bxf2 42.a6 c4+ 43.Ka4  1-0

[Event "SDZ Open"]
[Site "Solin CRO"]
[Date "2007.01.25"]
[Round "6"]
[White "Maras,A"]
[Black "Biliskov,V"]
[Result "0-1"]
[WhiteElo "2104"]
[BlackElo "2339"]

1.e4 c5 2.Nf3 d6 3.Bb5+ Bd7 4.Bxd7+ Nxd7 5.d4 cxd4 6.Nxd4 Ngf6 7.Nc3 g6 8.Bg5 Bg7
9.O-O O-O 10.Kh1 Nb6 11.Re1 Rc8 12.h3 a6 13.f4 Nc4 14.b3 Na3 15.Qd3 Qa5 16.Re3 Rxc3
17.Qxc3 Qxc3 18.Rxc3 Nxe4 19.Rc7 Bxd4 20.c3 Bxc3 21.Rg1 f6 22.Bh6 Re8 23.g4 Nc5
24.Rc1 Ba5 25.R1xc5 dxc5 26.Rxb7 Bb4 27.Kg2 Nb5 28.Rb6 Ra8 29.Kf3 Nd6 30.h4 Nf7
31.g5 Nxh6  0-1

[Event "Gibtelecom Masters"]
[Site "Catalan Bay ENG"]
[Date "2007.01.26"]
[Round "4"]
[White "Klinova,M"]
[Black "Jones,G"]
[Result "1/2-1/2"]
[WhiteElo "2330"]
[BlackElo "2509"]

1.e4 c5 2.Nf3 d6 3.Bb5+ Bd7 4.Bxd7+ Qxd7 5.c4 Nf6 6.Nc3 g6 7.d4 cxd4 8.Nxd4 Bg7
9.f3 O-O 10.Be3 Rc8 11.b3 a6 12.Rc1 b5 13.cxb5 e5 14.Nde2 axb5 15.O-O b4
16.Na4 Rxc1 17.Nxc1 Ra6 18.Qd2 Qb5 19.Rd1 d5 20.exd5 Rd6 21.Qc2 Nbd7 22.Qc4 Rxd5
23.Rxd5 Qxd5 24.Nd3 e4 25.fxe4 Qh5 26.Nf2 Ng4 27.Nxg4 Qxg4 28.Qc2 Ne5 29.h3 Qe6
30.Nb6 Nc6 31.Qc4 Qf6 32.Nd5 Qa1+ 33.Qc1 Qxc1+ 34.Bxc1 f5 35.exf5 gxf5 36.a3 bxa3
37.Bxa3 Kf7 38.Bc5 Ke6 39.Nf4+ Ke5 40.g3 Bh6 41.Ng2 Kd5 42.Bb6 Ke4 43.Nh4 Bg5
44.Ng2 Kf3 45.Kh2 Nb4 46.Bc5 Nd3 47.Bd6 Ke4 48.Nf4 Bxf4 49.gxf4 Nxf4  1/2-1/2

[Event "Gibtelecom Masters"]
[Site "Catalan Bay ENG"]
[Date "2007.01.26"]
[Round "4"]
[White "Greet,A"]
[Black "Ocana Roca,J"]
[Result "1-0"]
[WhiteElo "2425"]
[BlackElo "2130"]

1.e4 c5 2.Nf3 d6 3.Bb5+ Bd7 4.Bxd7+ Qxd7 5.c4 e5 6.Nc3 g6 7.O-O Bg7 8.a3 Nc6
9.b4 b6 10.bxc5 bxc5 11.Rb1 Nge7 12.d3 O-O 13.Qa4 Rfd8 14.Bg5 f6 15.Bd2 Rab8
16.Nd5 Rxb1 17.Rxb1 Nxd5 18.cxd5 Nd4 19.Qxd7 Nxf3+ 20.gxf3 Rxd7 21.Rb8+ Kf7
22.f4 f5 23.f3 Ke7 24.fxe5 Bxe5 25.a4 fxe4 26.fxe4 Rc7 27.Ba5 Rd7 28.h3 Bd4+
29.Kf1 Kf6 30.Bd8+ Ke5 31.Bg5 Rf7+ 32.Ke2 Bf2 33.Be3 Bxe3 34.Kxe3 Re7 35.a5 a6
36.Ra8 Rb7 37.Re8+ Kf6 38.Re6+  1-0

[Event "SDZ Open"]
[Site "Solin CRO"]
[Date "2007.01.27"]
[Round "8"]
[White "Vujcic,T"]
[Black "Zaper,M"]
[Result "0-1"]
[WhiteElo "2142"]
[BlackElo "1957"]

1.e4 c5 2.Nf3 d6 3.Bb5+ Nd7 4.O-O a6 5.Be2 Ngf6 6.Nc3 b5 7.d4 b4 8.e5 bxc3
9.exf6 cxb2 10.fxg7 Bxg7 11.Bxb2 Rg8 12.Ng5 e6 13.Ne4 Nf6 14.Bf3 Rb8 15.Bc3 Nd5
16.Rb1 Rxb1 17.Qxb1 Nxc3 18.Nxc3 Bxd4 19.Na4 Bd7 20.Nb6 Bb5 21.c4 Qxb6 22.a4 h6
23.Re1 Ke7 24.Bd5 Qa5 25.axb5 axb5 26.cxb5 Qd2 27.Rf1 exd5 28.b6 Be5 29.Qb5 Qb4
30.Qc6 d4 31.f4 Bh8 32.Ra1 Ke6 33.Qe4+ Kf6 34.Ra7 Rf8 35.b7 Rb8 36.Ra6 Qxb7
37.Rxd6+ Kg7 38.Qe5+ Kg8  0-1

[Event "ch-SER Qualification"]
[Site "Belgrade SER"]
[Date "2007.01.28"]
[Round "6"]
[White "Savic,Miod1"]
[Black "Vuckovic,Bo"]
[Result "1/2-1/2"]
[WhiteElo "2533"]
[BlackElo "2551"]

1.e4 c5 2.Nf3 d6 3.Bb5+ Bd7 4.Bxd7+ Qxd7 5.O-O Nc6 6.d3 e6 7.Bf4 Nf6 8.Nbd2 Be7
9.c3 O-O 10.Re1 Rac8 11.h3 b5 12.Nf1 Rfd8 13.Qe2 Qc7 14.Bg3 b4 15.Ne3 bxc3
16.bxc3 Qa5 17.Qc2 d5 18.e5 Nd7 19.Rec1 Nb6 20.Nd1 d4 21.c4 Na4 22.a3 Rb8
23.Bf4 Nb6 24.Qe2 Nd7 25.a4 Qc7 26.Qe4 Rb3 27.Bg3 Nb4 28.Ne1 Qc6 29.Qe2 a5
30.f4 Nb6 31.Nf2 Rc3 32.Rcb1 Nxc4 33.dxc4 Rxg3 34.Nf3 Nc2 35.Qxc2 Qxf3 36.Nh1 Qe3+
37.Kh2 Bh4 38.Rf1 d3 39.Qd1 d2 40.Qh5 g5 41.fxg5 Qxg5 42.Qxf7+ Kh8 43.Qf6+ Qxf6
44.exf6 Re3 45.Rad1 Be1 46.Nf2 Kg8 47.Kg1 Bxf2+ 48.Rxf2 Re1+ 49.Rf1 Re4 50.Rf2 Red4
51.g4 Kf7 52.g5 e5 53.Kf1 h6 54.gxh6 Rxc4 55.Rdxd2 Rxd2 56.Rxd2 Kxf6 57.Rd6+ Kf7
58.Rc6 Rxa4 59.Rxc5  1/2-1/2

[Event "Open"]
[Site "Moscow RUS"]
[Date "2007.01.28"]
[Round "2"]
[White "Prudnikova,E"]
[Black "Demianjuk,A"]
[Result "1/2-1/2"]
[WhiteElo "2169"]
[BlackElo "2342"]

1.e4 c5 2.Nf3 d6 3.Bb5+ Bd7 4.Bxd7+ Qxd7 5.O-O Nc6 6.c3 Nf6 7.Re1 e6 8.d4 cxd4
9.cxd4 d5 10.e5 Ne4 11.Nbd2 Nxd2 12.Bxd2 Be7 13.Rc1 O-O 14.Rc3 Rfc8 15.a3 Nd8
16.Rd3 Qb5 17.Bc3 Rc7 18.h4 Rac8 19.Ree3 Nc6 20.Nd2 Na5 21.Qg4 Nc4 22.Rg3 g6
23.Nxc4 Rxc4 24.h5 Qd7 25.hxg6 fxg6 26.Rdf3 Rf8 27.Rxf8+ Bxf8 28.Rf3 Bg7
29.Qf4  1/2-1/2

[Event "Open"]
[Site "Moscow RUS"]
[Date "2007.01.28"]
[Round "2"]
[White "Ambartsumova,K"]
[Black "Gunina,V"]
[Result "0-1"]
[WhiteElo "2179"]
[BlackElo "2347"]

1.e4 c5 2.Nf3 d6 3.Bb5+ Bd7 4.Bxd7+ Qxd7 5.O-O Nf6 6.Qe2 Nc6 7.c3 e6 8.d4 d5
9.e5 Ne4 10.Be3 Be7 11.Nfd2 cxd4 12.cxd4 Nxd2 13.Nxd2 O-O 14.f4 Rac8 15.Rac1 Na5
16.g4 Qa4 17.b3 Qb4 18.f5 Rxc1 19.Rxc1 Nc6 20.Nf3 f6 21.Bf2 exf5 22.exf6 Bxf6
23.Qe6+ Kh8 24.Qxd5 fxg4 25.Ne5 Bxe5 26.dxe5 Rxf2 27.Kxf2 Qf4+ 28.Kg2 Qxc1
29.Qf7 Qc2+ 30.Kg3 Qd3+  0-1

[Event "Gibtelecom Masters"]
[Site "Catalan Bay ENG"]
[Date "2007.01.29"]
[Round "6"]
[White "Wippermann,T"]
[Black "Carlsson,P"]
[Result "1/2-1/2"]
[WhiteElo "2403"]
[BlackElo "2492"]

1.e4 c5 2.Nf3 d6 3.Bb5+ Bd7 4.Bxd7+ Qxd7 5.O-O Nc6 6.c3 Nf6 7.Qe2 e6 8.Rd1 Be7
9.d3 O-O 10.Nbd2 Ne5 11.Nxe5 dxe5 12.Nc4 Qc7 13.a4 Nd7 14.Be3 Nb6 15.Nxb6 Qxb6
16.d4 exd4 17.cxd4 Rfd8 18.Qc4 cxd4 19.Bxd4 Qa5 20.Qb5 Qc7 21.Qe5 Qxe5 22.Bxe5 Bf6
23.Bxf6 gxf6 24.Kf1 Rxd1+ 25.Rxd1 Rc8 26.b3 Rc3 27.Rb1 Rc2 28.Rd1 Rc3 29.Rb1 Rc2
30.Rd1  1/2-1/2

[Event "Gibtelecom Masters"]
[Site "Catalan Bay ENG"]
[Date "2007.01.29"]
[Round "6"]
[White "Greet,A"]
[Black "Eggleston,D"]
[Result "1-0"]
[WhiteElo "2425"]
[BlackElo "2284"]

1.e4 c5 2.Nf3 d6 3.Bb5+ Bd7 4.Bxd7+ Qxd7 5.c4 Nf6 6.Nc3 g6 7.d4 cxd4 8.Nxd4 Bg7
9.b3 O-O 10.O-O Nc6 11.Bb2 Qd8 12.Re1 Nxd4 13.Qxd4 Nd7 14.Qd2 a6 15.Nd5 Bxb2
16.Qxb2 b5 17.Rac1 bxc4 18.Rxc4 Nb6 19.Rc6 Nxd5 20.exd5 Qa5 21.Rd1 Rab8 22.Qd2 Qxd2
23.Rxd2 a5 24.Rd4 Rb4 25.Rcc4 Rxc4 26.Rxc4 Rb8 27.Kf1 Kg7 28.Ke2 Rb5 29.Rd4 Kf6
30.Rf4+ Kg7 31.Rd4 Kf6 32.Kd3 g5 33.g3 Ke5 34.f4+ gxf4 35.gxf4+ Kf5 36.Kc3 Rc5+
37.Kb2 h5 38.a3 h4 39.b4 axb4 40.axb4 Rc8 41.Kb3 Rc1 42.b5 Rb1+ 43.Ka4 Ra1+
44.Kb4 Rh1 45.Rd2 Kxf4 46.Rb2 Rg1 47.b6 e5 48.b7 Rg8 49.Kb5 e4 50.Kc6 f5
51.Kxd6 e3 52.b8=Q Rxb8 53.Rxb8 e2 54.Re8 Kf3 55.Kc5 f4 56.d6 Kf2 57.d7 e1=Q
58.Rxe1 Kxe1 59.d8=Q f3 60.Qxh4+ f2 61.Kd4 Ke2 62.Qg4+ Ke1 63.Qe4+ Kd1 64.Qf3+ Ke1
65.h4 f1=Q 66.Qxf1+ Kxf1 67.h5  1-0

[Event "Gibtelecom Masters"]
[Site "Catalan Bay ENG"]
[Date "2007.01.30"]
[Round "7"]
[White "Ansell,S"]
[Black "Barrenechea Bahamonde,G"]
[Result "1/2-1/2"]
[WhiteElo "2393"]
[BlackElo "2191"]

1.e4 c5 2.Nf3 d6 3.Bb5+ Nc6 4.O-O Bd7 5.Re1 Nf6 6.c3 a6 7.Bf1 Bg4 8.d4 cxd4
9.cxd4 Bxf3 10.gxf3 d5 11.Nc3 e6 12.Bg5 Be7 13.Bxf6 Bxf6 14.exd5 Nxd4 15.Re4 Nf5
16.dxe6 O-O 17.exf7+ Kh8 18.Rf4 Nd4 19.Bc4 Qd6 20.Nd5 b5 21.Bb3 Nxb3 22.Qxb3 Be5
23.Rg4 Rad8 24.f4 Bd4 25.Ne3 Qf6 26.Rd1 Rxf7 27.f5 Bxe3 28.fxe3 Rxd1+ 29.Qxd1 Qxf5
30.Rf4 Qg5+ 31.Qg4 Qxg4+ 32.Rxg4 Rc7 33.Rb4 Kg8 34.Kf2 Rc2+ 35.Kg3 Kf7 36.h4 Kf6
37.a3 Ke5 38.b3 Rc3 39.Kf3 Kd5 40.Ke2 Rc2+  1/2-1/2

[Event "Gibtelecom Masters"]
[Site "Catalan Bay ENG"]
[Date "2007.01.31"]
[Round "8"]
[White "Quillan,G"]
[Black "Dzagnidze,N"]
[Result "0-1"]
[WhiteElo "2354"]
[BlackElo "2463"]

1.e4 c5 2.Nf3 d6 3.Bb5+ Nc6 4.O-O Bd7 5.Re1 Nf6 6.c3 a6 7.Ba4 b5 8.Bc2 Bg4
9.d3 e5 10.a4 Be7 11.Na3 Rb8 12.h3 Bh5 13.axb5 axb5 14.Bb3 O-O 15.Bg5 Bxf3
16.gxf3 Nh5 17.Be3 Bg5 18.Bd5 Bxe3 19.fxe3 Qg5+ 20.Kh1 Ne7 21.Qc2 Nxd5 22.exd5 f5
23.c4 Rf6 24.Qf2 f4 25.e4 Qg3 26.Qxg3 fxg3 27.Nxb5 Rxf3 28.Rf1 Rxd3 29.Nxd6 Nf4
30.Rfd1 Rxd1+ 31.Rxd1 Rxb2 32.Nf5 Rh2+  0-1

[Event "Zima Rating Tournament"]
[Site "St Petersburg RUS"]
[Date "2007.01.31"]
[Round "3"]
[White "Egorova,Natalie"]
[Black "Fateev,M"]
[Result "1/2-1/2"]
[WhiteElo "1992"]
[BlackElo "2135"]

1.e4 c5 2.Nf3 d6 3.Bb5+ Nc6 4.O-O Nf6 5.Bxc6+ bxc6 6.e5 Nd5 7.d4 cxd4 8.Qxd4 Qb6
9.exd6 exd6 10.Re1+ Be6 11.Bg5 h6 12.Bh4 Rb8 13.Nc3 Kd7 14.Nxd5 Qxd4 15.Nxd4 Bxd5
16.b3 c5 17.Nf5 Be6 18.Ne3 g5 19.Bg3 f5 20.f4 Rb4 21.c4 a5 22.Nc2 Rb7 23.Rad1 a4
24.Rd3 axb3 25.axb3 Ra7 26.Ra1 Rxa1+ 27.Nxa1 Be7 28.Nc2 Ra8 29.Ne3 Ra6 30.Nd5 Bf8
31.Nc3 Ke7 32.Nd5+ Kf7 33.Nc7 Ra1+ 34.Kf2 g4 35.Nxe6 Kxe6 36.Ke2 Ra2+ 37.Rd2 Ra3
38.Rd3 Bg7 39.Bf2 h5 40.Re3+ Kd7 41.Rd3 Ra2+ 42.Rd2 Ra5 43.Rd3 Bf6 44.Be1 Ra2+
45.Rd2 Ra3 46.Rd3 Bd4 47.h4 Ra2+ 48.Rd2 Ra8 49.Bf2 Bc3 50.Rc2 Bf6 51.Rd2 Kc6
52.Rd5 Ra2+ 53.Rd2 Ra3 54.Rd3 Bd8 55.Be1 Kd7 56.Bf2 Ra5 57.Rd5 Ke6 58.Rd3 Bf6
59.Re3+ Kd7 60.Rd3 Bg7 61.Rd5 Ke6 62.Rd3 Ra2+ 63.Rd2 Ra1 64.Rd1 Ra8 65.Rd3 Bf6
66.Re3+ Kd7 67.Rd3 Re8+ 68.Kd2 Rc8 69.Rd5 Ke6 70.Rd3 Ra8 71.Ke2 Ra2+ 72.Rd2 Ra3
73.Rd3 Bd8 74.Re3+ Kd7 75.Rd3 Kc6 76.Be1 Bb6 77.Ke3 Ra1 78.Ke2 Rb1 79.Rd5 Rb2+
80.Kf1 Rb1 81.Ke2 Rxb3 82.Rxf5 Rb2+ 83.Kf1 Rc2 84.Rxh5 Rxc4 85.Rf5 Re4 86.h5 Re6
87.Bc3 Bd8 88.Bg7 g3 89.h6 Ba5 90.Re5 dxe5 91.fxe5 Re8 92.h7 Kd5 93.h8=Q Rxh8
94.Bxh8 Bc7 95.Bf6 Bxe5 96.Bg5 Ke4 97.Ke2 c4 98.Bd2 Bf4 99.Bc3 Bd6 100.Be1 Kd4
101.Bd2 Kc5 102.Bc3 Kb5 103.Kd1 Ka4 104.Kc2 Bb4 105.Be5 Be1 106.Bd6 Kb5 107.Bf4 Kc5
108.Bc7 Kd4 109.Bd6 Ke3 110.Bxg3  1/2-1/2

[Event "ch-UKR gU20"]
[Site "Lviv UKR"]
[Date "2007.02.02"]
[Round "1"]
[White "Moskalets,S"]
[Black "Andrenko,I"]
[Result "1-0"]
[WhiteElo "2194"]
[BlackElo "2038"]

1.e4 c5 2.Nf3 d6 3.Bb5+ Bd7 4.Bxd7+ Qxd7 5.c4 Nc6 6.Nc3 g6 7.d4 cxd4 8.Nxd4 Bg7
9.Be3 Nf6 10.f3 O-O 11.Rc1 Rfc8 12.b3 Qd8 13.O-O Qa5 14.Nde2 a6 15.a4 Nd7
16.Nd5 Re8 17.Kh1 Rac8 18.b4 Qd8 19.a5 e6 20.Nb6 Nxb6 21.Bxb6 Qe7 22.Qb3 Kh8
23.Rfd1 f5 24.b5 Ne5 25.exf5 gxf5 26.f4 Nd7 27.bxa6 bxa6 28.Qa3 Nc5 29.Ng3 Rg8
30.Qe3 Bf6 31.Nh5 Rg6 32.Rc2 Ne4 33.Nxf6 Rxf6 34.Bd4 e5 35.Bb2 Re6 36.c5 Qh4
37.fxe5 dxe5 38.c6 Rcxc6 39.Rxc6 Nf2+ 40.Qxf2 Qxf2 41.Rxe6 Qxb2 42.Re7 Qb8
43.Red7 e4 44.Rd8+ Qxd8 45.Rxd8+ Kg7 46.Kg1  1-0

[Event "ch-UKR gU20"]
[Site "Lviv UKR"]
[Date "2007.02.03"]
[Round "2"]
[White "Dolzhikova,K"]
[Black "Arutyunova,D"]
[Result "1/2-1/2"]
[WhiteElo "2311"]
[BlackElo "2224"]

1.e4 c5 2.Nf3 d6 3.Bb5+ Bd7 4.Bxd7+ Qxd7 5.c4 Nc6 6.d4 cxd4 7.Nxd4 g6 8.Nc3 Bg7
9.Be3 Nf6 10.f3 O-O 11.Qd2 Rfc8 12.b3 Qd8 13.O-O Qa5 14.Rac1 a6 15.a4 Nd7
16.Rfd1 Nc5 17.Rb1 Nxd4  1/2-1/2

[Event "Bundesliga 2006-7"]
[Site "Tegernsee GER"]
[Date "2007.02.03"]
[Round "8"]
[White "Rozentalis,E"]
[Black "Movsesian,S"]
[Result "0-1"]
[WhiteElo "2582"]
[BlackElo "2637"]

1.e4 c5 2.Nf3 d6 3.Bb5+ Nc6 4.Bxc6+ bxc6 5.O-O Bg4 6.h3 Bh5 7.d3 e5 8.Nbd2 Be7
9.Nc4 Nf6 10.Ne3 Nd7 11.Nf5 O-O 12.Qe2 Re8 13.Kh1 Nf8 14.g4 Bg6 15.Rg1 Ne6
16.h4 f6 17.Bd2 Qd7 18.Rg2 d5 19.Rag1 Rad8 20.b3 Bf8 21.h5 Bf7 22.g5 Bxh5
23.gxf6 g6 24.Rh2 dxe4 25.Rxh5 exf3 26.Qxf3 Qf7 27.Nh4 Bg7 28.Rxe5 Nd4 29.Rxe8+ Rxe8
30.Qg2 Qxf6 31.Bg5 Qd6 32.Be3 Nxc2 33.Nf5 Qd7 34.Nxg7 Kxg7 35.Bf4 Ne1 36.Qg4 Qd5+  0-1

[Event "Bundesliga 2006-7"]
[Site "Berlin GER"]
[Date "2007.02.04"]
[Round "9"]
[White "Sarbok,T"]
[Black "Fish,G"]
[Result "0-1"]
[WhiteElo "2325"]
[BlackElo "2525"]

1.e4 c5 2.Nf3 d6 3.Bb5+ Nc6 4.O-O Bd7 5.Re1 Nf6 6.c3 a6 7.Bf1 Bg4 8.h3 Bxf3
9.Qxf3 e6 10.Qg3 h5 11.d3 h4 12.Qf3 Be7 13.Na3 d5 14.e5 Nh5 15.Nc2 g6 16.d4 cxd4
17.Nxd4 Ng7 18.Nxc6 bxc6 19.Bd3 Nf5 20.Bxf5 gxf5 21.c4 Rb8 22.b3 Rg8 23.Rd1 Rg6
24.Be3 Qa5 25.cxd5 cxd5 26.Bd4 Kd7 27.Kh1 Rbg8 28.Rg1 Rc8 29.Rgc1 Rxc1+ 30.Rxc1 Qd2
31.Qc3 Qxc3 32.Rxc3 f6 33.exf6 Bxf6 34.Bxf6 Rxf6 35.f4 Kd6 36.Rc8 d4 37.Ra8 Kd5
38.Rxa6 Ke4 39.Rd6 d3 40.Kg1 Ke3 41.Kf1 d2 42.b4 e5 43.Rd5 Rc6 44.Rxe5+ Kxf4
45.Rd5 Ke3  0-1

[Event "TCh-FRA Top 16 GpB"]
[Site "Metz FRA"]
[Date "2007.02.10"]
[Round "2"]
[White "Sokolov,And1"]
[Black "Relange,E"]
[Result "1/2-1/2"]
[WhiteElo "2585"]
[BlackElo "2482"]

1.e4 c5 2.Nf3 d6 3.Bb5+ Bd7 4.Bxd7+ Qxd7 5.O-O Nf6 6.Re1 Nc6 7.b3 g6 8.e5 dxe5
9.Bb2 Nd4 10.Nxe5 Qc7 11.c3 Nc6 12.d4 Bg7 13.Nxc6 Qxc6 14.Nd2  1/2-1/2

[Event "ch-UKR gU20"]
[Site "Lviv UKR"]
[Date "2007.02.12"]
[Round "11"]
[White "Andrenko,I"]
[Black "Chulivska,V"]
[Result "0-1"]
[WhiteElo "2038"]
[BlackElo "2208"]

1.e4 c5 2.Nf3 d6 3.Bb5+ Bd7 4.Bxd7+ Qxd7 5.c4 Nc6 6.d4 cxd4 7.Nxd4 Nf6 8.Nc3 e6
9.Nc2 Be7 10.O-O O-O 11.Bg5 Rfd8 12.Ne3 Rac8 13.Rc1 b6 14.Qe2 Qb7 15.f4 h6
16.Bxf6 Bxf6 17.Rfd1 a6 18.Kh1 Na7 19.Ng4 Be7 20.a4 Nc6 21.b3 Na5 22.Rb1 h5
23.Nf2 g6 24.f5 Bf6 25.Qd3 Be5 26.Ne2 Qe7 27.fxg6 fxg6 28.Qe3 Qh4 29.g3 Qf6
30.Kg2 Nb7 31.Rf1 Rf8 32.Nd3 Qe7 33.Ndf4 Kh7 34.Rf3 Nc5 35.Rbf1 Bg7 36.h4 Bh6
37.e5 dxe5 38.Qxe5 Rf5 39.Qc3 Rcf8 40.Qc2 Qb7 41.b4 Ne4 42.c5 bxc5 43.bxc5 Rxc5
44.Qd3 Bxf4 45.Nxf4 Rc3 46.Qb1 Qc6 47.Kh3 e5 48.Rxc3 Nxc3 49.Qb4 Qc8+ 50.Kh2 exf4
51.Qe7+ Kg8 52.Rxf4 Rxf4 53.gxf4 Nd5 54.Qe4 Qf5 55.Qe8+ Kh7  0-1

[Event "Aeroflot Open"]
[Site "Moscow RUS"]
[Date "2007.02.14"]
[Round "1"]
[White "Ni Hua"]
[Black "Sedlak,N"]
[Result "1-0"]
[WhiteElo "2632"]
[BlackElo "2561"]

1.e4 c5 2.Nf3 d6 3.Bb5+ Nd7 4.d4 a6 5.Bxd7+ Bxd7 6.O-O cxd4 7.Qxd4 Bg4 8.Bg5 Bxf3
9.gxf3 h6 10.Be3 Nf6 11.Nc3 Qd7 12.Rfd1 e5 13.Qa4 b5 14.Qa5 Be7 15.a4 O-O
16.axb5 Qh3 17.bxa6 Qxf3 18.Nd5 Qg4+ 19.Kf1 Qh3+ 20.Ke1 Nxd5 21.Qxd5 Qxh2
22.Ke2 Qh3 23.b4 Qg4+ 24.Kd2 Bg5 25.Rg1 Bxe3+ 26.fxe3 Qd7 27.b5 Qc7 28.c4 Qb6
29.Rg6 Rad8 30.a7 Qc5 31.a8=Q Rxa8 32.Rxa8 Qb4+ 33.Ke2 Rxa8 34.Qxa8+ Kh7
35.Rg1 Qxc4+ 36.Kf3 Qe6 37.Qa1 d5 38.Qb1 dxe4+ 39.Qxe4+ f5 40.Qc6 e4+ 41.Kg2 Qf7
42.Kf1 g5 43.Rh1 h5 44.b6  1-0

[Event "ch-CZE"]
[Site "Praha CZE"]
[Date "2007.02.14"]
[Round "9"]
[White "Oral,T"]
[Black "Babula,V"]
[Result "1/2-1/2"]
[WhiteElo "2521"]
[BlackElo "2584"]

1.e4 c5 2.Nf3 d6 3.Bb5+ Nc6 4.Bxc6+ bxc6 5.O-O Bg4 6.h3 Bh5 7.d3 Nf6 8.Nbd2 Nd7
9.Re1 e6 10.Nf1 Be7 11.Ng3  1/2-1/2

[Event "Aeroflot Open"]
[Site "Moscow RUS"]
[Date "2007.02.15"]
[Round "2"]
[White "Laznicka,V"]
[Black "Gashimov,V"]
[Result "1/2-1/2"]
[WhiteElo "2593"]
[BlackElo "2658"]

1.e4 c5 2.Nf3 d6 3.Bb5+ Bd7 4.Bxd7+ Qxd7 5.c4 Nc6 6.d4 cxd4 7.Nxd4 Nf6 8.Nc3 Qg4
9.Qxg4 Nxg4 10.Nxc6 bxc6 11.Bf4 Rb8 12.h3 Ne5 13.Bxe5 dxe5 14.O-O-O e6 15.Na4 h5
16.Rd3 Rh6 17.Rhd1 Rg6 18.g3 Rf6 19.f3 Rg6 20.g4 hxg4 21.hxg4 Rh6 22.a3 Be7
23.Kc2 Rh2+ 24.R1d2 Rh1 25.Rd1 Rh2+ 26.R1d2 Rh1 27.c5 Rb5 28.b4 a5 29.Rb3 axb4
30.axb4 Rb7 31.Nb6 Ra7 32.Nc4 Bg5 33.Rd1 Rh2+ 34.Kb1 Ra4 35.Nb2 Ra8 36.Nc4 Ra4
37.Na3 Ke7 38.b5 cxb5 39.c6 Rd4 40.Rxd4 exd4 41.Nxb5 Rh1+ 42.Kb2 Bf4 43.Nxd4 Be5
44.Rb7+ Kd8 45.Kc3 Rd1 46.Rd7+ Kc8 47.Kc4 Rc1+ 48.Kb5 Rb1+ 49.Kc4 Rc1+ 50.Kd3 Bxd4
51.Kxd4 Rd1+ 52.Kc5 Rxd7 53.cxd7+ Kxd7 54.f4 Kc7 55.f5 exf5 56.exf5 f6 57.Kd5  1/2-1/2

[Event "Aeroflot Open"]
[Site "Moscow RUS"]
[Date "2007.02.15"]
[Round "2"]
[White "Svetushkin,D"]
[Black "Smirin,I"]
[Result "1-0"]
[WhiteElo "2588"]
[BlackElo "2654"]

1.e4 c5 2.Nf3 d6 3.Bb5+ Nc6 4.O-O Bd7 5.Re1 Nf6 6.c3 a6 7.Ba4 c4 8.Na3 b5
9.Bc2 Bg4 10.h3 Bh5 11.b3 cxb3 12.axb3 e5 13.d4 exd4 14.cxd4 Bxf3 15.gxf3 Be7
16.d5 Ne5 17.f4 Ng6 18.e5 dxe5 19.d6 Qxd6 20.Qxd6 Bxd6 21.fxe5 Bb4 22.exf6+ Bxe1
23.fxg7 Rg8 24.Bb2 Ba5 25.Be4 Ra7 26.Nc2 Bb6 27.Nb4 f5 28.Bc6+ Kd8 29.Kf1 Ne7
30.Bf6 Kc8 31.Bf3 a5 32.Rc1+ Kd7 33.Nd5 Nxd5 34.Bxd5 Raa8 35.Bxa8 Rxa8 36.Bd8  1-0

[Event "Aeroflot Open"]
[Site "Moscow RUS"]
[Date "2007.02.15"]
[Round "2"]
[White "Iordachescu,V"]
[Black "Vallejo Pons,F"]
[Result "1-0"]
[WhiteElo "2563"]
[BlackElo "2679"]

1.e4 c5 2.Nf3 d6 3.Bb5+ Nc6 4.O-O Bd7 5.Re1 Nf6 6.c3 a6 7.Ba4 b5 8.Bc2 Bg4
9.d3 Nd7 10.Nbd2 e6 11.h3 Bh5 12.Nf1 Rc8 13.Ng3 Bxf3 14.Qxf3 g6 15.Bf4 h5
16.Be3 Bg7 17.a3 O-O 18.Qd1 Re8 19.f4 d5 20.Bf2 Qc7 21.Qf3 Ne7 22.Ne2 c4
23.e5 cxd3 24.Bxd3 Nb6 25.Nd4 Nc4 26.Re2 Nc6 27.Rae1 Nxd4 28.Bxd4 a5 29.g4 hxg4
30.Qxg4 Kf8 31.Rg2 Ke7 32.b3 Nxa3 33.f5 Kd7 34.fxg6 fxg6 35.Ra1 b4 36.Rxa3 bxa3
37.Bb5+ Ke7 38.Rf2 Kd8 39.Bxe8 Bxe5 40.Qg5+ Kxe8 41.Qxg6+ Kd7 42.Rf7+  1-0

[Event "ch-St Petersburg sf"]
[Site "St Petersburg RUS"]
[Date "2007.02.15"]
[Round "6"]
[White "Shchukin,D"]
[Black "Matlakov,M"]
[Result "1/2-1/2"]
[WhiteElo "2336"]
[BlackElo "2452"]

1.e4 c5 2.Nf3 d6 3.Bb5+ Nd7 4.c4 Nf6 5.Nc3 g6 6.d4 cxd4 7.Nxd4 Bg7 8.O-O O-O
9.Bxd7 Bxd7 10.b3 a6 11.a4 Qa5 12.Bb2 Rfe8 13.Qd2 Qb4 14.Nb1 Qc5 15.Nc3 Qb4
16.Nb1 Qb6 17.a5 Qc5 18.Nc3 e6 19.Rfe1 Rad8 20.Nf3 Bc6 21.Nd4 Bd7 22.Nf3 b5
23.axb6 Qxb6 24.Qc2 Bc6 25.Rab1 Rc8 26.Ba3 d5 27.e5 Nd7 28.Bd6 Qa7 29.Qd3 dxc4  1/2-1/2